书目信息 |
| 题名: |
溶液浓度变换速算法
|
|
| 作者: | 杨湘庆 编 | |
| 分册: | ||
| 出版信息: | 天津 天津科学技术出版社 1981 |
|
| 页数: | 242页 | |
| 开本: | 19cm | |
| 丛书名: | ||
| 单 册: | ||
| 中图分类: | O645.12 | |
| 科图分类: | ||
| 主题词: | 溶解度-速算 , 速算-溶解度 | |
| 电子资源: | ||
| ISBN: | ||
| 000 | 00663nam0 2200241 45 | |
| 001 | 0181005224 | |
| 005 | 20060817170909.70 | |
| 010 | @dCNY0.73 | |
| 091 | @aCN@b15212.20 | |
| 100 | @a19950515d1981 em y0chiy0121 ea | |
| 101 | 0 | @achi |
| 102 | @aCN@b120000 | |
| 105 | @ay z 000yy | |
| 200 | 10 | @a溶液浓度变换速算法@Arong ye nong du bian huan su suan fa@e附难题解法@f杨湘庆编 |
| 210 | @a天津@c天津科学技术出版社@d1981 | |
| 215 | @a242页@d19cm | |
| 606 | @a溶解度-速算 | |
| 606 | @a速算-溶解度 | |
| 690 | @aO645.12@v3 | |
| 701 | 0 | @a杨湘庆@Ayang xiang qing@4编 |
| 801 | 0 | @aCN@bTSSF@c20060817 |
| 801 | 2 | @aCN@bNLC@c20060815 |
| 905 | @a10447@dO645.12@e11 | |
| 溶液浓度变换速算法:附难题解法/杨湘庆编.-天津:天津科学技术出版社,1981 |
| 242页;19cm |
| ISBN :CNY0.73 |
| ● |
| 相关链接 |
|
|
|
|
正题名:溶液浓度变换速算法
索取号:O645.12/11
 
预约/预借
| 序号 | 登录号 | 条形码 | 馆藏地/架位号 | 状态 | 备注 |
| 1 | 0461634 | 204616344 | 密集书库/ [索取号:O645.12/11] | 在馆 | |
| 2 | 0461635 | 204616353 | 密集书库/ [索取号:O645.12/11] | 在馆 | |
| 3 | 0461640 | 204616406 | 密集书库/ [索取号:O645.12/11] | 在馆 | |
| 4 | 0468497 | 204684975 | 密集书库/ [索取号:O645.12/11] | 在馆 |